000 00331nam a2200145Ia 4500
005 20251222144702.0
008 251222s9999||||xx |||||||||||||| ||spa||
020 _a84-481-4809-6
082 _a339/R81
100 _aRomer, David
245 0 _aMacroeconomía Avanzada
250 _a3a.ed.
264 _bMcGraw-Hill
942 _cLIB
999 _c17498
_d17498